000 00248nam a2200097Ia 4500
001 665549
005 20250826160252.0
008 250824s9999 xx 000 0 und d
245 0 _aRuby Rogers Bunu Aklınız Alıyor mu ?
_cSue Limb
260 _bALTIN
999 _c665549
_d665549